000 00713nam a2200217 4500
001 113590
003 ES-MaACL
005 20240227155503.0
007 t|
008 061121s1965 sp r ||||1| spa d
100 1 _aNoel-Baker, Philip.
_985830
245 1 3 _aLa carrera de armamentos
_b: un programa para el desarme mundial /
_cPhilip Noel-Baker ; traducción de Antonio Menchaca Careaga.
260 _aMadrid :
_bTecnos,
_c[1965]
300 _a708 p. ;
_c20 cm.
490 1 _aColección Ventana abierta ;
_v10
650 1 4 _aDesarme.
_911786
700 1 _aMenchaca, Antonio.
_980080
830 0 _aVentana abierta
_v10
_9179022
852 _aES-MaACL
_jC-26648
_bR.55566
999 _c113590
_d113590